[Event "European Team Championship"]
[Site "Reykjavik ISL"]
[Date "2015.11.20"]
[EventDate "2015.11.13"]
[Round "7.10"]
[Result "1/2-1/2"]
[White "David Howell"]
[Black "Erwin L'Ami"]
[WhiteElo "2693"]
[BlackElo "2623"]
[PlyCount "87"]

1. c4 f5 2. g3 Nf6 3. Bg2 g6 4. Nc3 Bg7 5. d3 O-O 6. e4 d6
7. Nge2 fxe4 8. dxe4 c5 9. O-O Nc6 10. h3 Be6 11. b3 Qd7
12. Kh2 a6 13. Be3 Ne8 14. Rc1 Nc7 15. Nd5 Rad8 16. f4 Bf7
17. f5 Ne5 18. Nb6 Qc6 19. Nd5 Qd7 20. g4 b5 21. Nb6 Qc6
22. Nd5 Qd7 23. Bg5 Nxd5 24. cxd5 h6 25. Be3 g5 26. Ng1 Bf6
27. Nf3 Kg7 28. Qd2 Rh8 29. Kg1 Nxf3+ 30. Bxf3 Rc8 31. Be2 Ra8
32. Kf2 a5 33. Rh1 b4 34. Rc2 a4 35. Bc4 axb3 36. axb3 Ra3
37. Kf3 Qa7 38. Kg2 Ra1 39. Rhc1 Qa3 40. h4 Rxc1 41. Rxc1 gxh4
42. Kh3 Qb2 43. Qxb2 Bxb2 44. Rc2 1/2-1/2

[Event "European Team Championship"]
[Site "Reykjavik ISL"]
[Date "2015.11.20"]
[EventDate "2015.11.13"]
[Round "7.10"]
[Result "1-0"]
[White "Loek van Wely"]
[Black "Luke McShane"]
[WhiteElo "2632"]
[BlackElo "2687"]
[PlyCount "127"]

1. c4 c6 2. Nf3 d5 3. d4 Nf6 4. Qb3 dxc4 5. Qxc4 Bf5 6. g3
Nbd7 7. Bg2 e6 8. O-O Be7 9. e3 O-O 10. Rd1 Qc7 11. Nc3 Ne4
12. Qe2 Nxc3 13. bxc3 Be4 14. c4 Rfd8 15. Bb2 c5 16. Rac1 Nf6
17. Ne5 Bxg2 18. Kxg2 Qb6 19. Ba1 Rac8 20. Qf3 cxd4 21. Rb1
Qc7 22. exd4 Rb8 23. d5 Bd6 24. Re1 Re8 25. Rbd1 Rbc8 26. c5
Qxc5 27. dxe6 Rxe6 28. Qxb7 Re7 29. Qa6 Bxe5 30. Bxe5 Ng4
31. Bd4 Qd5+ 32. Kg1 Rxe1+ 33. Rxe1 Ra8 34. h3 Qxd4 35. hxg4
Qxg4 36. Qxa7 Qc8 37. Qe7 h6 38. a3 Qf5 39. Re5 Qb1+ 40. Kg2
Qb3 41. Ra5 Rc8 42. Qe4 Qb8 43. a4 Re8 44. Qf3 g6 45. Rb5 Qc8
46. a5 Qc4 47. Rb7 g5 48. a6 g4 49. Qf5 Kg7 50. Kh2 Qe6
51. Qf4 Qg6 52. Qd4+ Kg8 53. Qd5 Qf6 54. a7 Qxf2+ 55. Qg2 Qf5
56. Rb8 Qh5+ 57. Kg1 Qc5+ 58. Qf2 Qe5 59. Qf4 Qe1+ 60. Kg2
Qe2+ 61. Qf2 Qe4+ 62. Kh2 Kg7 63. Rxe8 Qxe8 64. Qg2 1-0

[Event "European Team Championship"]
[Site "Reykjavik ISL"]
[Date "2015.11.20"]
[EventDate "2015.11.13"]
[Round "7.11"]
[Result "0-1"]
[White "Bogdan-Daniel Deac"]
[Black "Viorel Iordachescu"]
[WhiteElo "2440"]
[BlackElo "2581"]
[PlyCount "152"]

1. Nf3 d5 2. d4 Nf6 3. c4 e6 4. Nc3 Be7 5. Bf4 O-O 6. e3 b6
7. Qc2 Ba6 8. cxd5 Bxf1 9. Rxf1 Nxd5 10. Ke2 Nxf4+ 11. exf4
Nc6 12. Qe4 Nb4 13. Rfd1 c6 14. Ne5 Rc8 15. Rac1 Rc7 16. g3
Qc8 17. a3 Nd5 18. Kf1 Rd8 19. Kg2 Bf8 20. Qf3 f6 21. Ng4 Qd7
22. Ne3 Ne7 23. h4 Qe8 24. Qe4 Qf7 25. Rd3 Rcd7 26. Nc2 Rd6
27. Rcd1 Qg6 28. Qxg6 hxg6 29. Kf1 Nf5 30. Ke2 R6d7 31. Ne4
Kf7 32. R1d2 Ne7 33. Ne3 Nd5 34. Rd1 Nc7 35. Nc3 Be7 36. Nc2
Ke8 37. Ne1 Nd5 38. Ne4 Bd6 39. Kf1 Bb8 40. Nf3 Ne7 41. Ke2
Nf5 42. R3d2 a5 43. Nc3 Ba7 44. a4 Bb8 45. Ne4 Ba7 46. Nc3 Rb7
47. Ra1 Kf7 48. Rd3 Nd6 49. Nb1 b5 50. Nbd2 Bb6 51. Rc3 Rc7
52. Rd3 Nf5 53. Nb3 Rd5 54. axb5 cxb5 55. Nxa5 Rc2+ 56. Rd2
Nxd4+ 57. Nxd4 Rxd2+ 58. Kxd2 Bxd4 59. Ke2 Bxb2 60. Ra2 Bc3
61. Nb3 Rd7 62. Ra6 b4 63. Nc5 Rc7 64. Nd3 b3 65. Rb6 b2
66. Ke3 e5 67. fxe5 fxe5 68. Rb5 Bd4+ 69. Ke4 Rc2 70. f4 Re2+
71. Kd5 exf4 72. gxf4 Bc3 73. Rb6 Rd2 74. Ke4 Kg8 75. Ne5 Rd1
76. Rb8+ Kh7 0-1

[Event "European Team Championship"]
[Site "Reykjavik ISL"]
[Date "2015.11.20"]
[EventDate "2015.11.13"]
[Round "7.12"]
[Result "1/2-1/2"]
[White "Hjorvar Steinn Gretarsson"]
[Black "Baris Esen"]
[WhiteElo "2561"]
[BlackElo "2565"]
[PlyCount "135"]

1. d4 d5 2. c4 c6 3. Nf3 Nf6 4. e3 Bf5 5. Nc3 e6 6. Nh4 Be4
7. f3 Bg6 8. Qb3 Qc7 9. Bd2 Be7 10. g3 Nbd7 11. Rc1 Rc8
12. cxd5 Nxd5 13. Nxd5 exd5 14. Nxg6 hxg6 15. e4 dxe4 16. fxe4
O-O 17. Bg2 Qb6 18. Qxb6 axb6 19. Bc3 Ra8 20. a3 b5 21. Kf2
Nb6 22. Rc2 f5 23. e5 Rfd8 24. h4 Kf7 25. g4 Na4 26. h5 fxg4
27. hxg6+ Kxg6 28. Kg3 Nxc3 29. bxc3 Rxa3 30. Kxg4 Kf7 31. Be4
b4 32. Rf1+ Ke6 33. d5+ Kxe5 34. dxc6 bxc6 35. Re2 Kd6
36. cxb4 Ra4 37. Bxc6 Rxb4+ 38. Rf4 Rxf4+ 39. Kxf4 Rf8+
40. Kg3 Bf6 41. Bg2 Be5+ 42. Kg4 Rf4+ 43. Kg5 Rd4 44. Bh3 Rd3
45. Bg4 Bf6+ 46. Kg6 Rg3 47. Kf5 Rg1 48. Re6+ Kc5 49. Re8 Bb2
50. Rd8 Rf1+ 51. Ke4 Re1+ 52. Kf3 Bf6 53. Rd7 Kc6 54. Rd2 Ra1
55. Bf5 Kc5 56. Rd7 Be5 57. Be4 Bd4 58. Rd8 Rf1+ 59. Ke2 Rf2+
60. Kd3 Bf6 61. Rd5+ Kb4 62. Ke3 Rh2 63. Bf3 Rh4 64. Be2 Rh3+
65. Kf4 Kc3 66. Rh5 Rxh5 67. Bxh5 g6 68. Bxg6 1/2-1/2

[Event "European Team Championship"]
[Site "Reykjavik ISL"]
[Date "2015.11.20"]
[EventDate "2015.11.13"]
[Round "7.12"]
[Result "1-0"]
[White "Emre Can"]
[Black "Henrik Danielsen"]
[WhiteElo "2535"]
[BlackElo "2500"]
[PlyCount "113"]

1. d4 d5 2. Nf3 Nf6 3. c4 c6 4. Nc3 dxc4 5. a4 Bf5 6. e3 e6
7. Bxc4 Bb4 8. O-O Nbd7 9. Nh4 Bg4 10. f3 Bh5 11. e4 O-O
12. g4 Ne8 13. Ng2 Bg6 14. Qb3 a5 15. Be3 Nd6 16. Be2 c5
17. Rfd1 Qe7 18. d5 e5 19. Nb5 Rac8 20. Nxd6 Qxd6 21. Rac1
Rfd8 22. Bf2 Nb6 23. Ne3 f6 24. Bb5 Rc7 25. Qd3 Kh8 26. b3 Rf7
27. Rc2 Rff8 28. Kh1 Qb8 29. Qf1 Nc8 30. Nc4 Nd6 31. Nxd6 Qxd6
32. Qc4 Rc8 33. Kg2 Bf7 34. Be3 Bg8 35. Qe2 Bf7 36. Qf2 g5
37. h4 h6 38. Rdc1 b6 39. Rh1 Kg7 40. Kf1 Bg6 41. Qg3 Rg8
42. Rch2 Bc3 43. Ke2 Bd4 44. Bd2 Kf7 45. hxg5 hxg5 46. Rh6 Rg7
47. Qh3 Rcg8 48. Ke1 Ba1 49. Qf1 Ke7 50. Bc6 Bb2 51. Qa6 Qb8
52. d6+ Kxd6 53. Bd5 Kc7 54. Bxg8 Rxg8 55. Rh7+ Bxh7 56. Rxh7+
Kd6 57. Qc4 1-0

[Event "European Team Championship"]
[Site "Reykjavik ISL"]
[Date "2015.11.20"]
[EventDate "2015.11.13"]
[Round "7.14"]
[Result "1/2-1/2"]
[White "Yannick Pelletier"]
[Black "Nikola Djukic"]
[WhiteElo "2566"]
[BlackElo "2553"]
[PlyCount "120"]

1. Nf3 Nf6 2. c4 e6 3. g3 d5 4. Bg2 Be7 5. d4 O-O 6. O-O dxc4
7. Qc2 a6 8. a4 Bd7 9. Bg5 Bc6 10. Bxf6 Bxf6 11. Rd1 Bxf3
12. Bxf3 Nc6 13. e3 Na5 14. Na3 c6 15. Nxc4 Nxc4 16. Qxc4 a5
17. b4 axb4 18. Qxb4 Qe7 19. Rab1 Ra7 20. Qb6 Rfa8 21. Rd3 g6
22. Rdb3 Kg7 23. Kg2 Qd6 24. Qb4 Qc7 25. Qc5 Qc8 26. Qc2 e5
27. dxe5 Bxe5 28. Qd1 Bf6 29. Rb4 Qc7 30. Qb3 Rb8 31. Rb6 Be5
32. a5 Rxa5 33. Rxb7 Rxb7 34. Qxb7 Qxb7 35. Rxb7 Rb5 36. Re7
Kf6 37. Ra7 Rb6 38. Be2 Bb8 39. Rd7 Ke6 40. Rd4 Be5 41. Bc4+
Ke7 42. Re4 Kf6 43. Bxf7 Bxg3 44. Bc4 Be5 45. f4 Bc3 46. Re6+
Kg7 47. Kf3 Rb2 48. Re7+ Kh6 49. Bg8 Bg7 50. h4 Rb8 51. Bc4
Bf6 52. Rc7 Bxh4 53. e4 Rf8 54. Kg4 Bd8 55. Rd7 Bb6 56. e5 Be3
57. Bf7 Kg7 58. Bc4+ Kh6 59. Bf7 Kg7 60. Bc4+ Kh6 1/2-1/2

[Event "European Team Championship"]
[Site "Reykjavik ISL"]
[Date "2015.11.20"]
[EventDate "2015.11.13"]
[Round "7.14"]
[Result "1/2-1/2"]
[White "Nico Georgiadis"]
[Black "Dragan Kosic"]
[WhiteElo "2472"]
[BlackElo "2470"]
[PlyCount "137"]

1. d4 Nf6 2. c4 e6 3. g3 Bb4+ 4. Bd2 Bxd2+ 5. Qxd2 O-O 6. Bg2
d6 7. Nf3 Nc6 8. Nc3 a6 9. O-O Rb8 10. Rac1 Bd7 11. e4 e5
12. d5 Ne7 13. c5 Ng6 14. b4 Qe7 15. cxd6 cxd6 16. Qd3 Ne8
17. Nd2 f5 18. exf5 Bxf5 19. Nce4 Nf6 20. Nxf6+ Qxf6 21. Qe3
Qd8 22. a4 Bd7 23. a5 Ne7 24. Ne4 Bb5 25. Rfe1 h6 26. Bh3 b6
27. Be6+ Kh8 28. Kg2 Be8 29. axb6 Rxb6 30. Qc3 Bg6 31. Qc7
Rxb4 32. Nxd6 e4 33. Kg1 Rb2 34. Qxd8 Rxd8 35. Nxe4 Bxe4
36. Rxe4 Rd2 37. Ra4 Rd6 38. Rca1 Nxd5 39. Rxa6 Rxa6 40. Rxa6
Nc7 41. Rc6 Nxe6 42. Rxe6 Kg8 43. Re7 Kh7 44. Kg2 Kg6 45. h4
Kf6 46. Ra7 h5 47. Ra6+ Kf7 48. Kf3 g6 49. Ke3 Rb2 50. Rd6 Kg7
51. Rd2 Rb4 52. Rd4 Rb2 53. f3 Rb5 54. Kf4 Ra5 55. Rd6 Rb5
56. Re6 Rf5+ 57. Ke4 Ra5 58. Rd6 Rb5 59. Rd5 Rb3 60. Kf4 Kf6
61. Rd6+ Kf7 62. g4 hxg4 63. fxg4 Rb5 64. g5 Rb4+ 65. Ke5 Rxh4
66. Rd7+ Kg8 67. Kf6 Ra4 68. Kxg6 Ra6+ 69. Kh5 1/2-1/2

[Event "European Team Championship"]
[Site "Reykjavik ISL"]
[Date "2015.11.20"]
[EventDate "2015.11.13"]
[Round "7.14"]
[Result "0-1"]
[White "Luka Draskovic"]
[Black "Richard Forster"]
[WhiteElo "2454"]
[BlackElo "2459"]
[PlyCount "118"]

1. e4 Nf6 2. e5 Nd5 3. d4 d6 4. c4 Nb6 5. exd6 exd6 6. Nc3 Nc6
7. Be3 Be7 8. h3 Bf6 9. Nf3 Bf5 10. g4 Bg6 11. h4 d5 12. c5
Nc4 13. Bxc4 dxc4 14. g5 Be7 15. h5 Bf5 16. Qa4 O-O 17. Rg1
Qc8 18. h6 Bg4 19. Nh2 Bh5 20. Qxc4 Qh3 21. Nf1 Rad8 22. Ng3
Bf3 23. d5 Ne5 24. Qd4 f6 25. hxg7 Rfe8 26. Nce2 Bxc5 27. Nf4
Bxd4 28. Nxh3 Bxb2 29. Rb1 Rxd5 30. Nf4 Bc3+ 31. Kf1 Ng4
32. Rg2 Nxe3+ 33. fxe3 Bxg2+ 34. Kxg2 Rd2+ 35. Kf3 fxg5
36. Nfh5 Rd5 37. Rxb7 Bxg7 38. Rxc7 Rf8+ 39. Kg4 Rf7 40. Rc8+
Rf8 41. Rc4 h6 42. Rc6 Re5 43. e4 Rf7 44. Rc4 Rfe7 45. Kf3 Bf8
46. Nf5 R7e6 47. Nhg3 Ra5 48. a4 Rea6 49. Rc7 Rxa4 50. Nh5 Re6
51. e5 Ra5 52. Nd4 Re7 53. Rxe7 Bxe7 54. Ke4 Rc5 55. e6 a5
56. Nb3 Rb5 57. Nd4 Rb4 58. Kd3 a4 59. Ng3 Bf6 0-1

[Event "European Team Championship"]
[Site "Reykjavik ISL"]
[Date "2015.11.20"]
[EventDate "2015.11.13"]
[Round "7.15"]
[Result "1-0"]
[White "Mindaugas Beinoras"]
[Black "Margeir Petursson"]
[WhiteElo "2340"]
[BlackElo "2520"]
[PlyCount "101"]

1. d4 Nf6 2. c4 e6 3. Nf3 Bb4+ 4. Nbd2 O-O 5. a3 Be7 6. e4 d6
7. Qc2 Nfd7 8. b4 e5 9. Bb2 a5 10. d5 axb4 11. axb4 Rxa1+
12. Bxa1 Na6 13. Bc3 c5 14. dxc6 bxc6 15. Be2 d5 16. cxd5 cxd5
17. b5 dxe4 18. Nxe4 Nac5 19. O-O Bb7 20. Ng3 g6 21. Rd1 Qc7
22. Bb2 Rc8 23. Nf1 e4 24. Nd4 Ne5 25. Nc6 Nxc6 26. bxc6 Qxc6
27. Qc3 f6 28. Bc4+ Ne6 29. Ne3 Kg7 30. Qa5 Nc5 31. Qa3 Qc7
32. Qa1 Ra8 33. Qb1 Rb8 34. Qa1 Ra8 35. Qb1 Rb8 36. Qa1 Bc6
37. Qc1 h6 38. Ng4 g5 39. Ne3 Qc8 40. Ba3 Ra8 41. Bd5 Nd3
42. Qxc6 Qxc6 43. Nf5+ Kh7 44. Bxc6 Rxa3 45. Nxe7 Nc5 46. Rc1
e3 47. fxe3 Rxe3 48. Nd5 Nb3 49. Rb1 Re6 50. Bd7 Rd6 51. Nxf6+
1-0

[Event "European Team Championship"]
[Site "Reykjavik ISL"]
[Date "2015.11.20"]
[EventDate "2015.11.13"]
[Round "7.16"]
[Result "0-1"]
[White "John Arni Nilssen"]
[Black "Stef Soors"]
[WhiteElo "2274"]
[BlackElo "2394"]
[PlyCount "100"]

1. d4 Nf6 2. c4 e6 3. Nc3 Bb4 4. Qc2 Nc6 5. e3 e5 6. dxe5 Nxe5
7. Bd2 c6 8. Nf3 Qe7 9. Nd4 O-O 10. Be2 d5 11. cxd5 cxd5
12. a3 Bc5 13. Nb3 Rd8 14. Nxc5 Qxc5 15. Rc1 d4 16. exd4 Qxd4
17. Be3 Qh4 18. O-O Be6 19. Rcd1 Rxd1 20. Rxd1 Nfg4 21. Bxg4
Qxg4 22. Qe4 Qxe4 23. Nxe4 b6 24. Nd6 Rd8 25. Rd2 Kf8 26. Bf4
Ng6 27. Nb5 Rxd2 28. Bxd2 a6 29. Bb4+ Ke8 30. Nc7+ Kd7
31. Nxe6 Kxe6 32. Bc3 f6 33. Kf1 Kd5 34. Ke1 Nh4 35. g3 Nf3+
36. Ke2 Ke4 37. h4 h5 38. Bb4 g5 39. Be7 gxh4 40. gxh4 f5
41. Bf6 Kf4 42. a4 Kg4 43. b4 b5 44. axb5 axb5 45. Ke3 Nxh4
46. Kd4 Nf3+ 47. Kc5 Ng5 48. Kxb5 h4 49. f3+ Kxf3 50. Bxg5 h3
0-1

[Event "European Team Championship"]
[Site "Reykjavik ISL"]
[Date "2015.11.20"]
[EventDate "2015.11.13"]
[Round "7.17"]
[Result "1-0"]
[White "Davit Shengelia"]
[Black "Nderim Saraci"]
[WhiteElo "2579"]
[BlackElo "2215"]
[PlyCount "253"]

1. d4 d5 2. c4 e6 3. Nf3 Nf6 4. g3 Be7 5. Bg2 O-O 6. O-O dxc4
7. Ne5 Nc6 8. Nxc6 bxc6 9. Na3 Bxa3 10. bxa3 Nd5 11. Qa4 Nb6
12. Qxc6 Rb8 13. Qc5 Bb7 14. e4 Qd6 15. Bf4 Qxc5 16. dxc5 Nd7
17. Rfc1 Ba6 18. Bf1 Nxc5 19. Bxc4 Bxc4 20. Rxc4 Nd3 21. Be3
Rb7 22. Rc3 Ne5 23. h3 f6 24. Rac1 Rc8 25. a4 Rb4 26. f4 Nf3+
27. Kg2 Nd4 28. Rc4 Rb2+ 29. Bf2 e5 30. Rxc7 Rxc7 31. Rxc7
exf4 32. gxf4 Ne6 33. Rxa7 Rxa2 34. a5 Nxf4+ 35. Kf3 Nxh3
36. Be3 Ra3 37. Ke2 g5 38. a6 Nf4+ 39. Kf3 Ng6 40. Ra8+ Kg7
41. a7 Ne5+ 42. Kg2 Nc6 43. Rc8 Nxa7 44. Rc7+ Kg6 45. Bxa7 Ra5
46. Bd4 Ra6 47. Kf3 Re6 48. Ra7 Rc6 49. Ke3 Re6 50. Kd3 Rc6
51. Ra5 Re6 52. Rb5 h5 53. Rf5 h4 54. Ke3 Ra6 55. Rb5 Ra3+
56. Kf2 Ra2+ 57. Kf3 Ra3+ 58. Be3 h3 59. Rb1 h2 60. Re1 f5
61. exf5+ Kxf5 62. Kg2 Ra2+ 63. Kg3 Kg6 64. Bf2 Kf5 65. Rh1
Rb2 66. Rxh2 Rb3+ 67. Kg2 Rb2 68. Rh8 Kg4 69. Ra8 Rb5 70. Ra4+
Kf5 71. Be3 Rd5 72. Kf3 Rb5 73. Ra8 Kg6 74. Rg8+ Kf7 75. Rd8
Kg6 76. Kg4 Rb4+ 77. Bd4 Rb5 78. Rd6+ Kf7 79. Bf6 Rb1 80. Bxg5
Rf1 81. Ra6 Rb1 82. Bf4 Rb5 83. Bg3 Rc5 84. Kf4 Rb5 85. Ke4
Rg5 86. Be5 Rg1 87. Kf5 Rf1+ 88. Bf4 Re1 89. Ra2 Re7 90. Be5
Rb7 91. Ra6 Rd7 92. Rh6 Kg8 93. Ke6 Re7+ 94. Kd6 Rh7 95. Rg6+
Kf7 96. Rg1 Ke8 97. Rg8+ Kf7 98. Ra8 Rh6+ 99. Kd5 Re6 100. Rh8
Re7 101. Ke4 Kg6 102. Rf8 Re6 103. Rg8+ Kf7 104. Rg7+ Ke8
105. Ra7 Re7 106. Ra8+ Kf7 107. Kf5 Re8 108. Ra6 Re7 109. Rb6
Rd7 110. Bd6 Ra7 111. Bc5 Rc7 112. Bd4 Rd7 113. Be5 Re7
114. Rh6 Rd7 115. Rh8 Re7 116. Bf6 Rd7 117. Ke5 Rd1 118. Rh7+
Kg6 119. Rg7+ Kh5 120. Rg5+ Kh6 121. Rg2 Rb1 122. Ke6 Rb7
123. Kf5 Rb5+ 124. Be5 Kh7 125. Rg7+ Kh6 126. Ra7 Rc5 127. Ra8
1-0

[Event "European Team Championship"]
[Site "Reykjavik ISL"]
[Date "2015.11.20"]
[EventDate "2015.11.13"]
[Round "7.17"]
[Result "0-1"]
[White "Avni Ermeni"]
[Black "Robert Kreisl"]
[WhiteElo "2285"]
[BlackElo "2442"]
[PlyCount "130"]

1. e4 c6 2. d4 d5 3. Nc3 dxe4 4. Nxe4 Bf5 5. Ng3 Bg6 6. h4 h6
7. Nh3 e6 8. Nf4 Bh7 9. Be3 Nf6 10. Bd3 Bxd3 11. Qxd3 Qa5+
12. Bd2 Bb4 13. c3 Bd6 14. Ne4 Nxe4 15. Qxe4 Nd7 16. Nd3 Qd5
17. Qxd5 cxd5 18. Bf4 Bxf4 19. Nxf4 h5 20. Kd2 Ke7 21. Rhe1
Kd6 22. Kc2 a5 23. a4 Rac8 24. Re3 Rc4 25. b3 Rc6 26. Rg1 Nf6
27. f3 Rhc8 28. Rge1 Ke7 29. Kb2 Kf8 30. Rc1 g6 31. Ra1 Ne8
32. Rc1 Nd6 33. Rd3 b5 34. axb5 Rb6 35. Kc2 Rxb5 36. Rdd1 Nf5
37. Rd3 Rcb8 38. Rb1 Nxh4 39. g4 hxg4 40. fxg4 g5 41. Nh3 f6
42. Re3 R5b6 43. Nf2 Kf7 44. Nd3 Rc6 45. Ra1 Rb5 46. Ra4 Rcb6
47. Nc5 e5 48. Nd7 exd4 49. cxd4 Re6 50. Rxe6 Kxe6 51. Nc5+
Kf7 52. Ra1 f5 53. gxf5 Nxf5 54. Kc3 g4 55. Rf1 Kf6 56. Nd7+
Kg5 57. Ne5 Rb7 58. Ra1 g3 59. Rxa5 g2 60. Nf3+ Kf4 61. Ng1
Re7 62. Ra2 Kg3 63. Re2 Rxe2 64. Nxe2+ Kh2 65. b4 Ng3 0-1

[Event "European Team Championship"]
[Site "Reykjavik ISL"]
[Date "2015.11.20"]
[EventDate "2015.11.13"]
[Round "7.17"]
[Result "1-0"]
[White "Mario Schachinger"]
[Black "Perparim Makoli"]
[WhiteElo "2451"]
[BlackElo "2223"]
[PlyCount "83"]

1. d4 d5 2. c4 dxc4 3. e4 Nc6 4. Nf3 Bg4 5. d5 Ne5 6. Bf4 Ng6
7. Be3 Nf6 8. Nc3 e6 9. Qa4+ Qd7 10. Qxd7+ Kxd7 11. dxe6+ Bxe6
12. O-O-O+ Kc8 13. Ng5 Bd6 14. Nxe6 fxe6 15. Bxc4 Kd7 16. f4
Ng4 17. Rhe1 Nxe3 18. Rxe3 Ke7 19. e5 Bc5 20. Red3 Rhd8 21. g3
Rxd3 22. Bxd3 Nf8 23. Be4 c6 24. Bd3 Ke8 25. Ne4 Be7 26. Kc2
Rd8 27. h4 h6 28. h5 Rd5 29. Nc3 Rd7 30. g4 Kd8 31. Rf1 Rd4
32. Ne2 Ra4 33. Kb1 Nd7 34. Rd1 Kc7 35. Bc2 Rb4 36. Nd4 Nf8
37. Bb3 Bc5 38. Nxe6+ Nxe6 39. Bxe6 Be3 40. Rd7+ Kb8 41. Bf5
Rc4 42. a3 1-0

[Event "European Team Championship"]
[Site "Reykjavik ISL"]
[Date "2015.11.20"]
[EventDate "2015.11.13"]
[Round "7.18"]
[Result "0-1"]
[White "Graham Morrison"]
[Black "Lars Schandorff"]
[WhiteElo "2323"]
[BlackElo "2519"]
[PlyCount "88"]

1. d4 Nf6 2. c4 e6 3. Nf3 d5 4. Nc3 Bb4 5. Bg5 h6 6. Bxf6 Qxf6
7. e3 O-O 8. Be2 dxc4 9. O-O Rd8 10. Bxc4 c5 11. Qb3 cxd4
12. Nxd4 Ba5 13. Rfd1 Bb6 14. Nf3 Nc6 15. Rxd8+ Qxd8 16. Qa3
Qf8 17. Qxf8+ Kxf8 18. Bb5 Bd7 19. Na4 Ke7 20. Nxb6 axb6
21. a3 Ra5 22. Be2 Rc5 23. Rd1 Na7 24. Ne1 Ba4 25. Rd4 Rc1
26. Kf1 Bc6 27. f3 Nc8 28. Kf2 Nd6 29. e4 f6 30. Rd2 e5
31. Nd3 Rb1 32. Nb4 Bxe4 33. Rxd6 Kxd6 34. fxe4 Rxb2 35. Nd5
Kc5 36. Ne7 Ra2 37. Nf5 Rxa3 38. Ke1 b5 39. Nxg7 b4 40. Kd1
Ra1+ 41. Kd2 Ra2+ 42. Kd3 b3 43. Bf3 Kb4 44. Nf5 Ra1 0-1

[Event "European Team Championship"]
[Site "Reykjavik ISL"]
[Date "2015.11.20"]
[EventDate "2015.11.13"]
[Round "7.18"]
[Result "0-1"]
[White "Andrew Burnett"]
[Black "Bjorn Moller Ochsner"]
[WhiteElo "2234"]
[BlackElo "2405"]
[PlyCount "94"]

1. Nf3 d5 2. c4 d4 3. b4 f6 4. e3 e5 5. c5 a5 6. Qa4+ Bd7
7. b5 Bxc5 8. exd4 exd4 9. Bc4 Qe7+ 10. Kd1 Qd6 11. Re1+ Ne7
12. Qc2 Kd8 13. a4 Bf5 14. Bd3 Bxd3 15. Qxd3 Nd7 16. Na3 Qd5
17. Nc4 Ng6 18. g3 Nge5 19. Ncxe5 fxe5 20. Ng5 Kc8 21. Ne4 Kb8
22. Bb2 Ka7 23. Rc1 Bb6 24. Qc4 Qxc4 25. Rxc4 Rhf8 26. Ke2 Nf6
27. Nxf6 Rxf6 28. f3 Raf8 29. Rf1 g5 30. d3 g4 31. f4 exf4
32. Bxd4 Bxd4 33. Rxd4 fxg3 34. Rxf6 Rxf6 35. hxg3 h5 36. Re4
Kb6 37. d4 c6 38. Re5 Rf3 39. Rxh5 Rxg3 40. Rg5 Rg2+ 41. Kd3
cxb5 42. Rxb5+ Ka6 43. d5 Rg1 44. Kd2 g3 45. Ke2 g2 46. Kf2
Ra1 47. Kxg2 Rxa4 0-1

[Event "European Team Championship"]
[Site "Reykjavik ISL"]
[Date "2015.11.21"]
[EventDate "2015.11.13"]
[Round "8.12"]
[Result "1/2-1/2"]
[White "Mika Karttunen"]
[Black "Mladen Palac"]
[WhiteElo "2426"]
[BlackElo "2577"]
[PlyCount "29"]

1. d4 Nf6 2. c4 e6 3. Nf3 d5 4. g3 Bb4+ 5. Bd2 Be7 6. Bg2 O-O
7. O-O c6 8. Qc2 Nbd7 9. Rd1 b6 10. Bf4 Ba6 11. Nbd2 Nh5
12. Be3 Nhf6 13. Bf4 Nh5 14. Be3 Nhf6 15. Bf4 1/2-1/2

[Event "European Team Championship"]
[Site "Reykjavik ISL"]
[Date "2015.11.21"]
[EventDate "2015.11.13"]
[Round "8.6"]
[Result "1/2-1/2"]
[White "Helgi Olafsson"]
[Black "Hannes Stefansson"]
[WhiteElo "2549"]
[BlackElo "2602"]
[PlyCount "47"]

1. d4 Nf6 2. Nf3 d5 3. c4 c6 4. Nc3 e6 5. Qd3 dxc4 6. Qxc4 b5
7. Qb3 Nbd7 8. Bg5 Qa5 9. e3 Ne4 10. Bd3 Nxg5 11. Nxg5 b4
12. Nce4 Be7 13. f4 h6 14. Nf3 O-O 15. O-O Bb7 16. Ne5 Nxe5
17. dxe5 c5 18. Qc2 Rad8 19. Bc4 Qc7 20. Rf2 Rd7 21. Bb5 Rd5
22. Bc4 Rd7 23. Bb5 Rd5 24. Bc4 1/2-1/2

[Event "European Team Championship"]
[Site "Reykjavik ISL"]
[Date "2015.11.21"]
[EventDate "2015.11.13"]
[Round "8.6"]
[Result "1-0"]
[White "Hedinn Steingrimsson"]
[Black "Johann Hjartarson"]
[WhiteElo "2566"]
[BlackElo "2529"]
[PlyCount "49"]

1. d4 Nf6 2. c4 e6 3. Nc3 Bb4 4. Qc2 c5 5. dxc5 O-O 6. a3 Bxc5
7. Nf3 b6 8. Bf4 Bb7 9. Rd1 Nc6 10. b4 Be7 11. e4 a5 12. b5
Na7 13. e5 Nh5 14. Bc1 Qc7 15. Be2 f5 16. O-O g6 17. Qb2 Rad8
18. Na4 Nc8 19. Be3 Bxf3 20. Bxf3 Qxc4 21. Nxb6 Nxb6 22. Bxb6
Rb8 23. Rd4 Qc8 24. Rc1 Qe8 25. Bc7 1-0

[Event "European Team Championship"]
[Site "Reykjavik ISL"]
[Date "2015.11.21"]
[EventDate "2015.11.13"]
[Round "8.8"]
[Result "0-1"]
[White "Danyyil Dvirnyy"]
[Black "Viorel Iordachescu"]
[WhiteElo "2561"]
[BlackElo "2581"]
[PlyCount "56"]

1. e4 c6 2. Nc3 d5 3. Nf3 h6 4. d4 Nf6 5. e5 Ne4 6. Bd3 Nxc3
7. bxc3 e6 8. O-O c5 9. c4 Nc6 10. cxd5 Qxd5 11. Re1 cxd4
12. Be4 Qd7 13. Bb2 Bc5 14. Re2 O-O 15. Rd2 Qc7 16. Qe2 b6
17. Nxd4 Bxd4 18. Bxd4 Bb7 19. Bc3 Rfd8 20. Rad1 Rxd2 21. Rxd2
Ne7 22. Bb4 Bxe4 23. Bxe7 Bd5 24. c4 Bxc4 25. Bd6 Qxd6
26. exd6 Bxe2 27. Rxe2 Rd8 28. Rd2 Kf8 0-1

[Event "European Team Championship"]
[Site "Reykjavik ISL"]
[Date "2015.11.21"]
[EventDate "2015.11.13"]
[Round "8.11"]
[Result "0-1"]
[White "Nils Grandelius"]
[Black "Constantin Lupulescu"]
[WhiteElo "2644"]
[BlackElo "2631"]
[PlyCount "46"]

1. e4 e6 2. d4 d5 3. Nc3 Nf6 4. Bg5 dxe4 5. Nxe4 Be7 6. Bxf6
Bxf6 7. Nf3 O-O 8. Qd2 Nd7 9. O-O-O Be7 10. Bd3 c5 11. dxc5
Qc7 12. h4 f5 13. Nc3 Nxc5 14. Rhe1 a6 15. Bc4 Ne4 16. Nxe4
Qxc4 17. b3 Qc7 18. Neg5 h6 19. Nxe6 Bxe6 20. Rxe6 Rad8
21. Nd4 Bf6 22. Qe3 f4 23. Qe4 Qc3 0-1

[Event "European Team Championship"]
[Site "Reykjavik ISL"]
[Date "2015.11.21"]
[EventDate "2015.11.13"]
[Round "8.13"]
[Result "1/2-1/2"]
[White "Ioannis Papaioannou"]
[Black "Aloyzas Kveinys"]
[WhiteElo "2638"]
[BlackElo "2510"]
[PlyCount "86"]

1. d4 Nf6 2. c4 e6 3. g3 c5 4. Nf3 cxd4 5. Nxd4 Bb4+ 6. Bd2
Be7 7. Bg2 O-O 8. O-O Nc6 9. Bc3 d5 10. Nd2 Bd7 11. cxd5 Nxd5
12. Bxd5 exd5 13. Qb3 Bf6 14. N2f3 Bg4 15. Rfd1 Rb8 16. Rd2
Re8 17. Qd1 Bxf3 18. Nxf3 Bxc3 19. bxc3 Qf6 20. Rxd5 Qxc3
21. Rb1 Qc4 22. Rd2 h6 23. Rc1 Qe6 24. Qa4 Rbd8 25. Rcd1 Rxd2
26. Rxd2 Re7 27. Qd1 Qe4 28. h4 Ne5 29. Nxe5 Rxe5 30. e3 Rb5
31. Rd8+ Kh7 32. Rd4 Qb1 33. Qxb1+ Rxb1+ 34. Kg2 h5 35. a4 g6
36. a5 Kg7 37. a6 bxa6 38. Rd7 a5 39. Rxa7 Rb5 40. Ra6 Rc5
41. Kf3 Rf5+ 42. Ke2 Rb5 43. Kf3 Rf5+ 1/2-1/2

[Event "European Team Championship"]
[Site "Reykjavik ISL"]
[Date "2015.11.21"]
[EventDate "2015.11.13"]
[Round "8.2"]
[Result "0-1"]
[White "Romain Edouard"]
[Black "Levan Pantsulaia"]
[WhiteElo "2632"]
[BlackElo "2567"]
[PlyCount "88"]

1. e4 c5 2. Nf3 e6 3. d4 cxd4 4. Nxd4 a6 5. Bd3 Nf6 6. O-O e5
7. Nf3 Nc6 8. Be3 d5 9. exd5 Nxd5 10. Qe2 Be7 11. Rd1 Nxe3
12. Qxe3 Qd6 13. Nbd2 Qc5 14. Qe2 O-O 15. Nb3 Qb4 16. Be4 f6
17. Qd3 g6 18. c3 Qa4 19. Bxg6 hxg6 20. Qxg6+ Kh8 21. Qh6+ Kg8
22. Qg6+ Kh8 23. Rd3 Qf4 24. Qh5+ Kg7 25. Nh4 Qh6 26. Nf5+
Bxf5 27. Qxf5 Rh8 28. Rh3 Qf4 29. Rg3+ Kf7 30. Qd7 Rag8
31. Qd5+ Kf8 32. Nc5 Bxc5 33. Qxc5+ Ke8 34. Rxg8+ Rxg8 35. Qd5
Rh8 36. g3 Qg4 37. Rd1 Qh3 38. Qg2 Qxg2+ 39. Kxg2 Rh7 40. Rd2
Rd7 41. Re2 Kf7 42. Kf3 Ke6 43. h4 f5 44. Ke3 Rd1 0-1